| 000 | 00779cab a2200241 4500 | ||
|---|---|---|---|
| 001 | ABS55061 | ||
| 008 | 090401t1996 xxu||||| |||| 00| 0 eng d | ||
| 035 | _a(Sirsi) u13893 | ||
| 041 | _aeng | ||
| 100 | _aSeidl, A. | ||
| 245 | _aProving your worth | ||
| 260 | _c1996 | ||
| 350 | _a0 | ||
| 490 |
_aEstates Gazette _v(9616) 20 April 1996, 46-47(2) |
||
| 520 | _aSummarises the results of a survey into the surveying profession employment market, with details on the importance of job security, average salaries, perks and job satisfaction. | ||
| 650 | _aJOB SATISFACTION | ||
| 650 | _aJOB SECURITY | ||
| 650 | _aSALARY SURVEYS | ||
| 650 | _aWORKING ENVIRONMENT | ||
| 690 | _aMANAGEMENT-BUSINESS MANAGEMENT-PROFESSIONAL PRACTICE | ||
| 942 | _n0 | ||
| 948 | _c04/03/1997 | ||
| 999 |
_c8974 _d8974 |
||